000
00244nam a22000857a 4500
008
160705b xxu||||| |||| 00| 0 eng d
100
_9
2282
_a
Chaturvedi, M
245
_a
A Practical Hindi - English Dictionary
260
_a
New Delhi
_b
National
_c
1980
999
_c
1964
_d
1964